| 000 | 00000nam 2200000za 4500 |
| 001 | 9.837704 |
| 003 | CaOODSP |
| 005 | 20230801131751 |
| 007 | cr ||||||||||| |
| 008 | 170605s2015 onc ob f000 0 fre d |
| 040 | |aCaOODSP|bfre |
| 043 | |an-cn--- |
| 086 | 1 |aPS83-3/342F-PDF |
| 100 | 1 |aThompson, Jennie Mae. |
| 245 | 10|aDélinquantes autochtones |baperçu du processus correctionnel de l'admission à l'expiration du mandat / |h[ressource électronique] : |cJennie Thompson et Renée Gobeil. |
| 260 | |aOttawa : |bService correctionnel du Canada, |c2015. |
| 300 | |avi, 33 p. : |btableaux. |
| 490 | 1 |aRapport de recherche ; |vR-342 |
| 500 | |aPublié aussi en anglais sous le titre : Aboriginal women: an oveview of the correctional process from admission to warrant expiry. |
| 500 | |a« Janvier 2015. » |
| 504 | |aComprends des réferences bibliographiques. |
| 520 | |a« Les délinquantes autochtones ont été désignées comme étant la population de délinquants qui croît le plus rapidement et elles ont fait l’objet à ce titre d’une grande attention. Compte tenu de cette attention, on en sait beaucoup sur les antécédents, les expériences correctionnelles et les résultats postlibératoires des délinquants autochtones par rapport à ceux des délinquants non autochtones. En revanche, on connaît moins bien les différences au sein de la population de délinquants autochtones, en particulier en ce qui a trait aux femmes délinquantes. La présente étude visait en premier lieu à décrire et à comparer les délinquantes métisses et les délinquantes des Premières Nations; elle a aussi été l’occasion d’examiner les données sur les délinquantes autochtones et non autochtones. Elle s’est intéressée notamment aux renseignements recueillis dans le cadre de l’évaluation initiale (les données démographiques, les renseignements sur les peines et les infractions ainsi que les antécédents sociaux des Autochtones), à l’adaptation au milieu carcéral, au soutien social, aux renseignements liés à la mise en liberté et aux résultats postlibératoires.»-- Introduction. |
| 692 | 07|2gccst|aDétenu |
| 692 | 07|2gccst|aAutochtones |
| 692 | 07|2gccst|aHistoire sociale |
| 700 | 1 |aGobeil, Renée, |d1980- |
| 710 | 2 |aService correctionnel Canada. |bDirection de la recherche. |
| 775 | 08|tAboriginal women|w(CaOODSP)9.837701 |
| 830 | #0|aRapport de recherche (Service correctionnel Canada. Direction de la recherche)|vR-342|w(CaOODSP)9.502465 |
| 856 | 40|qPDF|s252 Ko|uhttps://publications.gc.ca/collections/collection_2017/scc-csc/PS83-3-342-fra.pdf |